[Event "Politiken Cup"]
[Site "Helsingor DEN"]
[Date "2009.07.21"]
[Round "5"]
[White "Negi,P"]
[Black "Sargissian,G"]
[Result "1/2-1/2"]
[WhiteElo "2590"]
[BlackElo "2667"]
[EventDate "2009.07.18"]

1. e4 e5 2. Nf3 Nc6 3. Bc4 Nf6 4. Ng5 d5 5. exd5 Na5 6. Bb5+ c6 7. dxc6
bxc6 8. Bd3 Nd5 9. Nf3 Bd6 10. O-O Nf4 11. Re1 Nxd3 12. cxd3 O-O 13. Nxe5
Re8 14. d4 c5 15. d3 cxd4 16. Nf3 Rxe1+ 17. Qxe1 Bf5 18. Nxd4 Bxd3 19. Bd2
Nc4 20. Bc3 Qb6 21. b3 Bc5 22. Nf3 Nd6 23. b4 Re8 24. Qd2 Bxf2+ 25. Qxf2
Qxf2+ 26. Kxf2 Bxb1 27. Bd4 Bc2 28. Bxa7 Ra8 29. Bd4 Nb5 30. Bb2 f6 31. Nd2
Rd8 32. Nc4 Rc8 33. Ne3 Ba4 34. Rc1 Rxc1 35. Bxc1 Nc3 36. Nc4 Bc6 37. Bd2
Na4 38. Nd6 Bd5 39. b5 Kf8 40. Bb4 Ke7 41. a3 Kd7 42. g3 Nb6 43. Ke2 Nc8
44. Nf5 Bc4+ 45. Ke3 Bxb5 46. Nxg7 Nb6 47. Ke4 Be2 48. Bc5 Nc4 49. Kf5 Nd2
50. h4 Bd3+ 51. Kf4 Nc4 52. Bb4 Ne5 53. Bc3 Nc4 54. a4 Nb6 55. Ke3 Bb1 56.
a5 Nd5+ 57. Kd4 Kc6 58. Bd2 Ne7 59. g4 Ng6 60. g5 fxg5 61. Bxg5 Kb5 1/2-1/2

[Event "Politiken Cup"]
[Site "Helsingor DEN"]
[Date "2009.07.21"]
[Round "5"]
[White "Dreev,A"]
[Black "Alsina Leal,D"]
[Result "1-0"]
[WhiteElo "2660"]
[BlackElo "2529"]
[EventDate "2009.07.18"]

1. d4 d5 2. c4 c6 3. Nf3 Nf6 4. e3 Bf5 5. Nc3 e6 6. Nh4 Be4 7. f3 Bg6 8.
Qb3 Qc7 9. Bd2 Be7 10. Nxg6 hxg6 11. g3 a6 12. Rc1 dxc4 13. Bxc4 b5 14. Be2
c5 15. dxc5 Nbd7 16. Qc2 Bxc5 17. Nxb5 axb5 18. b4 Rh5 19. Qb2 Qe5 20. Qxe5
Rxe5 21. bxc5 Rxc5 22. Rxc5 Nxc5 23. Bxb5+ Nfd7 24. a4 Nxa4 25. Ke2 Nab6
26. Rb1 Ra2 27. Ke1 Kf8 28. h4 Ne5 29. Be2 Ned7 30. e4 Ke7 31. Bb4+ Kd8 32.
Rd1 Kc7 33. Be7 Kb7 34. Rc1 Ra8 35. Bd6 Rc8 36. Rb1 Nc5 37. Bb5 Na6 38. Ke2
Nc7 39. Bd3 Kc6 40. Bb4 Ra8 41. f4 Ra2+ 42. Ke3 Ra8 43. Ke2 Ra2+ 44. Kf3
Ra8 45. Be2 Nd7 46. Rc1+ Kb7 47. Bd6 Rc8 48. g4 Nb6 49. h5 Ne8 50. Rxc8
Kxc8 51. Bf8 gxh5 52. gxh5 Nf6 53. Ke3 g6 54. h6 Nbd7 55. Be7 Nh7 56. e5
Nb6 57. Bh4 Nd5+ 58. Kf3 f6 59. exf6 Ndxf6 60. Bxf6 Nxf6 61. Bd3 Kd7 62.
Bxg6 e5 63. fxe5 Ke6 64. exf6 Kxf6 65. Bh5 1-0

[Event "Politiken Cup"]
[Site "Helsingor DEN"]
[Date "2009.07.21"]
[Round "5"]
[White "Kristiansen,Jen"]
[Black "Postny,E"]
[Result "0-1"]
[WhiteElo "2435"]
[BlackElo "2647"]
[EventDate "2009.07.18"]

1. d4 d5 2. c4 c6 3. Nf3 Nf6 4. Nc3 dxc4 5. g3 b5 6. Bg2 Bb7 7. Ne5 a6 8.
a4 e6 9. O-O Nd5 10. e4 Nxc3 11. bxc3 Nd7 12. f4 Be7 13. Qg4 O-O 14. f5
exf5 15. exf5 Nf6 16. Qh3 Nd5 17. Qg4 Bf6 18. axb5 axb5 19. Rxa8 Bxa8 20.
Bxd5 Qxd5 21. Qf3 Qxf3 22. Nxf3 c5 23. Ne5 cxd4 24. Nd7 dxc3 25. Nxf8 Bd4+
26. Rf2 b4 0-1

[Event "Politiken Cup"]
[Site "Helsingor DEN"]
[Date "2009.07.21"]
[Round "5"]
[White "Avrukh,B"]
[Black "Hector,J"]
[Result "0-1"]
[WhiteElo "2641"]
[BlackElo "2556"]
[EventDate "2009.07.18"]

1. d4 d5 2. c4 c6 3. Nf3 Nf6 4. Nc3 dxc4 5. a4 Bf5 6. Ne5 Nbd7 7. Nxc4 Qc7
8. g3 e5 9. dxe5 Nxe5 10. Bf4 Nfd7 11. Bg2 f6 12. O-O O-O-O 13. Qc1 Nc5 14.
Bxe5 fxe5 15. Qe3 Nb3 16. Rad1 Bc5 17. Qxe5 Qxe5 18. Nxe5 Rhe8 19. Nc4 Be6
20. Na3 Nd2 21. Rfe1 Rf8 22. e3 Bg4 23. Rc1 Bxa3 24. bxa3 Nf3+ 25. Bxf3
Bxf3 26. Rc2 g5 27. Nb5 Rd3 28. Rb1 b6 29. a5 Kb7 30. Nc3 Rf5 31. axb6 axb6
32. Rcc1 Ra5 33. Na2 Rdxa3 34. Nb4 Be4 35. Rb2 Ra1 36. Rf1 Rxf1+ 37. Kxf1
Rb5 38. f3 Bxf3 39. Rf2 g4 40. Nd3 Rb1+ 41. Ne1 b5 42. Rd2 c5 43. Kf2 Be4
44. Rd7+ Kc6 45. Re7 Rb2+ 46. Kf1 Kd5 47. Rd7+ Ke6 48. Rg7 Bg6 49. e4 Bxe4
50. Rxg4 Kd5 0-1

[Event "Politiken Cup"]
[Site "Helsingor DEN"]
[Date "2009.07.21"]
[Round "5"]
[White "Mikkelsen,N"]
[Black "Hillarp Persson,T"]
[Result "0-1"]
[WhiteElo "2399"]
[BlackElo "2596"]
[EventDate "2009.07.18"]

1. d4 Nf6 2. c4 e6 3. Nc3 Bb4 4. Qc2 O-O 5. Bg5 c5 6. a3 Bxc3+ 7. Qxc3 h6
8. Bxf6 Qxf6 9. Nf3 b6 10. e3 Bb7 11. Be2 Nc6 12. O-O Rac8 13. Rfd1 Na5 14.
Rac1 Bxf3 15. Bxf3 cxd4 16. Rxd4 d5 17. Be2 dxc4 18. Bxc4 Nxc4 19. Rxc4
Rxc4 20. Qxc4 Qxb2 21. a4 Rd8 22. g3 Rd2 23. Rf1 Qc2 24. Qf4 Qc8 25. h4 Rd5
26. Kh2 Rc5 27. Qe4 Rc4 28. Qh1 g6 29. Ra1 Qc7 30. Kh3 Qe5 31. Qe1 Qf5+ 32.
Kh2 Rc2 33. Kg1 Qc5 34. Qd1 Kg7 35. Rb1 Qf5 36. Qe1 Re2 37. Qxe2 Qxb1+ 38.
Kh2 a5 39. h5 g5 40. Qc4 Qb4 41. Qd3 Qxa4 42. Qc3+ Kg8 43. Qc8+ Kh7 44. Qc7
Qe8 45. Qxb6 Qa8 46. Qc7 Kg8 47. f4 g4 48. f5 exf5 49. Qd6 Qf3 50. Qxh6
Qf2+ 51. Kh1 Qf1+ 52. Kh2 Qh3+ 53. Kg1 Qxg3+ 54. Kh1 Qh3+ 55. Kg1 g3 0-1

[Event "Politiken Cup"]
[Site "Helsingor DEN"]
[Date "2009.07.21"]
[Round "5"]
[White "Agrest,E"]
[Black "Semcesen,D"]
[Result "1-0"]
[WhiteElo "2590"]
[BlackElo "2418"]
[EventDate "2009.07.18"]

1. c4 Nf6 2. Nf3 c6 3. Qc2 d5 4. e3 g6 5. b3 Bg7 6. Bb2 O-O 7. Be2 Bg4 8.
d3 Nbd7 9. O-O Re8 10. h3 Bxf3 11. Bxf3 Rc8 12. Nd2 e6 13. Rac1 a6 14. Rfd1
e5 15. g3 h5 16. Bg2 Bf8 17. Nf3 Bd6 18. Ng5 Rb8 19. Rf1 Qe7 20. Rcd1 Rbc8
21. Qb1 Rf8 22. Rfe1 Bb4 23. Re2 Rce8 24. Kh1 h4 25. gxh4 Kg7 26. Rc2 Rh8
27. cxd5 Rxh4 28. dxc6 bxc6 29. Kg1 Reh8 30. Rc4 R4h5 31. Nf3 Bd6 32. Kf1
c5 33. Ra4 Nd5 34. d4 cxd4 35. Nxd4 N5f6 36. Nc6 Qe6 37. Qd3 Bc7 38. Qc4
Qf5 39. Ne7 Qg5 40. Qxc7 Rxh3 41. Qc6 Rh2 42. Qf3 Nc5 43. Rc4 1-0

[Event "Politiken Cup"]
[Site "Helsingor DEN"]
[Date "2009.07.21"]
[Round "5"]
[White "Hammer,J"]
[Black "Bulski,K"]
[Result "1-0"]
[WhiteElo "2583"]
[BlackElo "2392"]
[EventDate "2009.07.18"]

1. e4 c5 2. Nf3 d6 3. d4 cxd4 4. Nxd4 Nf6 5. Nc3 a6 6. h3 e5 7. Nde2 b5 8.
g4 Bb7 9. Bg2 b4 10. Nd5 Nxd5 11. exd5 Be7 12. O-O O-O 13. a3 bxa3 14. Rxa3
Nd7 15. f4 exf4 16. Bxf4 Bf6 17. Kh1 Be5 18. Nd4 Bxf4 19. Rxf4 g6 20. Nc6
Qg5 21. Qd4 Rae8 22. Re3 Rxe3 23. Qxe3 Ne5 24. Qf2 Nxc6 25. dxc6 Bc8 26.
Qd4 Be6 27. c4 Qc5 28. Bd5 Re8 29. Kg1 Kf8 30. b4 Qxd4+ 31. Rxd4 Ke7 32. b5
axb5 33. cxb5 Bxd5 34. Rxd5 Rb8 35. Kf2 Ke6 36. c7 Re8 37. b6 Kd7 38. Rb5
f6 39. h4 Kc6 40. h5 gxh5 41. gxh5 d5 42. Rxd5 1-0

[Event "Politiken Cup"]
[Site "Helsingor DEN"]
[Date "2009.07.21"]
[Round "5"]
[White "Hansen,SuB"]
[Black "Skytte,R"]
[Result "1/2-1/2"]
[WhiteElo "2554"]
[BlackElo "2396"]
[EventDate "2009.07.18"]

1. d4 Nf6 2. Nf3 c5 3. dxc5 Na6 4. g3 Nxc5 5. Bg2 g6 6. O-O Bg7 7. c4 O-O
8. Nc3 d6 9. Be3 Bd7 10. Rc1 Qa5 11. Qd2 Qa6 12. Ne1 Bf5 13. Nd3 Nce4 14.
Nxe4 Bxe4 15. Nb4 Qa4 16. b3 Qa3 17. Bh3 Rfd8 18. f3 Bc6 19. Rfd1 Nd7 20.
Rc2 a5 21. Nd3 Ne5 22. Ne1 h5 23. Bg2 Rdc8 24. Rdc1 Ra6 25. h3 Raa8 26. Bf2
Rab8 27. e4 b6 28. Be3 Nd7 29. Rb1 b5 30. Rbc1 bxc4 31. Rxc4 Ne5 32. R4c2
Bd7 33. f4 Nc6 34. e5 Nb4 35. Rxc8+ Rxc8 36. Rxc8+ Bxc8 37. exd6 exd6 38.
Qxd6 Be6 39. Nd3 1/2-1/2

[Event "Politiken Cup"]
[Site "Helsingor DEN"]
[Date "2009.07.21"]
[Round "5"]
[White "Laursen,N1"]
[Black "Sebag,M"]
[Result "0-1"]
[WhiteElo "2191"]
[BlackElo "2531"]
[EventDate "2009.07.18"]

1. e4 c5 2. Nf3 d6 3. d4 cxd4 4. Nxd4 Nf6 5. Nc3 a6 6. Be3 e6 7. Qd2 b5 8.
f3 Nbd7 9. a4 b4 10. Na2 d5 11. Nxb4 dxe4 12. Be2 Bb7 13. O-O Qc7 14. a5
exf3 15. Bxf3 Ne5 16. Bxb7 Qxb7 17. Nd3 Nxd3 18. Qxd3 Be7 19. Qb3 Qxb3 20.
Nxb3 Rc8 21. Rfc1 Nd5 22. Bd2 Rc4 23. Be1 Bg5 24. Nd2 Rd4 25. c4 Nb4 26.
Rd1 Be3+ 27. Kf1 Nc2 28. Ra4 Ke7 29. Ke2 Rhd8 30. Rc1 Nxe1 0-1

[Event "Politiken Cup"]
[Site "Helsingor DEN"]
[Date "2009.07.21"]
[Round "5"]
[White "Kaaber,J"]
[Black "Schandorff,L"]
[Result "1/2-1/2"]
[WhiteElo "2184"]
[BlackElo "2510"]
[EventDate "2009.07.18"]

1. e4 c6 2. d4 d5 3. Nc3 dxe4 4. Nxe4 Bf5 5. Ng3 Bg6 6. h4 h6 7. Nf3 Nd7 8.
h5 Bh7 9. Bd3 Bxd3 10. Qxd3 e6 11. Bf4 Qa5+ 12. Bd2 Bb4 13. c3 Be7 14. c4
Qc7 15. O-O-O Ngf6 16. Ne4 b5 17. Nxf6+ Nxf6 18. c5 Nd5 19. Qe4 Bf6 20. g3
a5 21. Bf4 Qb7 22. Bd6 a4 23. Qc2 b4 24. Qd3 Qa6 25. Be5 a3 26. b3 Nc3 27.
Qxa6 Nxa2+ 28. Kc2 Rxa6 29. Kd3 Nc3 30. Ra1 O-O 31. Kc4 Nd5 32. Bxf6 gxf6
33. Ne1 Ra7 34. Nd3 Rb7 35. Rh4 Kh7 36. Rg4 Re8 37. Re1 Ra8 38. Ra1 Rd8 39.
Re1 Re8 40. Ra1 Ra8 41. Re1 Rab8 42. Ra1 Rc8 43. Re1 f5 44. Rh4 Kg7 45. Ra1
f6 46. g4 f4 47. Rh3 Re8 48. Re1 Kh7 49. Rf3 e5 50. Nxf4 Nc3 51. Rfe3 a2
52. Ra1 Rd8 53. Ne6 Re8 54. Nf4 1/2-1/2

[Event "Politiken Cup"]
[Site "Helsingor DEN"]
[Date "2009.07.21"]
[Round "5"]
[White "Tazbir,M"]
[Black "Wickstrom,L"]
[Result "1-0"]
[WhiteElo "2500"]
[BlackElo "2177"]
[EventDate "2009.07.18"]

1. e4 c5 2. Ne2 Nc6 3. d4 cxd4 4. Nxd4 e5 5. Nb5 d6 6. Be3 Be7 7. Nd2 a6 8.
Nc3 Nf6 9. Nc4 b5 10. Nb6 Rb8 11. Nbd5 O-O 12. g3 Nxd5 13. Nxd5 Bg5 14. Bg2
Bxe3 15. Nxe3 Qa5+ 16. c3 b4 17. O-O bxc3 18. bxc3 Be6 19. Qxd6 Rbc8 20.
Qd3 Qa3 21. Qd2 Na5 22. Nd5 Bxd5 23. exd5 Rxc3 24. Rac1 Rfc8 25. Rxc3 Rxc3
26. Rb1 g6 27. h4 Nc4 28. Qg5 Kg7 29. h5 h6 30. Qg4 Rc1+ 31. Rxc1 Qxc1+ 32.
Kh2 g5 33. Qc8 Qc2 34. d6 Qe2 35. d7 Qxh5+ 36. Bh3 Qe2 37. d8=Q Qxf2+ 38.
Bg2 Ne3 39. Qg8+ Kf6 40. Qc6+ Ke7 41. Qge8+ 1-0

[Event "Politiken Cup"]
[Site "Helsingor DEN"]
[Date "2009.07.21"]
[Round "5"]
[White "Tsiolakidis,A"]
[Black "Brynell,S"]
[Result "0-1"]
[WhiteElo "2290"]
[BlackElo "2471"]
[EventDate "2009.07.18"]

1. Nf3 Nf6 2. c4 b6 3. g3 Bb7 4. Bg2 e6 5. O-O Be7 6. Nc3 O-O 7. d4 d5 8.
cxd5 Nxd5 9. Ne5 Nxc3 10. bxc3 Bxg2 11. Kxg2 c5 12. e4 Qc7 13. Be3 cxd4 14.
cxd4 Qb7 15. f3 Nd7 16. Nd3 Rac8 17. Qb3 Qa6 18. Rac1 Ba3 19. Rxc8 Rxc8 20.
Rf2 Be7 21. Rc2 h6 22. Kf2 Qb7 23. Ke2 Nb8 24. Rxc8+ Qxc8 25. Ne5 Bf6 26.
Qc4 Qd8 27. Ng4 Be7 28. f4 Nd7 29. Qc6 h5 30. Ne5 Nxe5 31. fxe5 g6 32. d5
exd5 33. exd5 Bg5 34. Bf2 Qe7 35. e6 fxe6 36. dxe6 Bf6 37. a4 Be5 38. a5
Bd6 39. Qe4 Qf6 40. a6 Kh7 41. Bd4 Qg5 42. Kf3 Qc1 43. Qb7+ Bc7 44. Kg2 h4
45. gxh4 Qf4 46. Bg1 Qe5 47. Qc6 Kh6 48. h5 Bd6 49. hxg6 Qxe6 50. g7 0-1

[Event "Politiken Cup"]
[Site "Helsingor DEN"]
[Date "2009.07.21"]
[Round "5"]
[White "Cmilyte,V"]
[Black "Jacobsen,Bo"]
[Result "1-0"]
[WhiteElo "2470"]
[BlackElo "2303"]
[EventDate "2009.07.18"]

1. d4 Nf6 2. Nf3 g6 3. c4 Bg7 4. g3 O-O 5. Bg2 d6 6. O-O Nc6 7. Nc3 Bf5 8.
Ne1 Qd7 9. e4 Bh3 10. Nc2 Bxg2 11. Kxg2 Na5 12. Qe2 c5 13. d5 Rfe8 14. Bd2
e6 15. f3 exd5 16. cxd5 a6 17. b3 b5 18. Qf2 Nh5 19. Ne2 Bxa1 20. Rxa1 b4
21. g4 Nf6 22. Ng3 Qe7 23. Rb1 Nd7 24. a3 c4 25. axb4 Nxb3 26. Bc3 a5 27.
bxa5 Nxa5 28. Nd4 Ne5 29. h3 Nb3 30. Nxb3 cxb3 31. Rxb3 Ra4 32. Qe2 Rc8 33.
f4 Nd7 34. g5 Nc5 35. Bf6 Qa7 36. Rb2 Nd7 37. Be7 Qc5 38. Qg4 Qc3 39. Re2
Ra3 40. Bxd6 1-0

[Event "Politiken Cup"]
[Site "Helsingor DEN"]
[Date "2009.07.21"]
[Round "5"]
[White "Sethuraman,S"]
[Black "Eriksson,Mag2"]
[Result "1-0"]
[WhiteElo "2455"]
[BlackElo "2160"]
[EventDate "2009.07.18"]

1. d4 Nf6 2. Nf3 e6 3. c4 Nc6 4. Nc3 Bb4 5. Qc2 d6 6. Bd2 Qe7 7. a3 Bxc3 8.
Bxc3 a5 9. g3 O-O 10. Bg2 a4 11. O-O Re8 12. Rfd1 e5 13. d5 Nb8 14. c5 Nfd7
15. cxd6 cxd6 16. Bb4 Nb6 17. Bd2 Bg4 18. Ng5 g6 19. Qe4 Bf5 20. Qb4 N6d7
21. e4 Na6 22. Qxa4 Bg4 23. f3 f6 24. fxg4 fxg5 25. b4 Nc7 26. Qb3 Nb5 27.
Qd3 Nd4 28. a4 Rec8 29. a5 h6 30. Rac1 Rf8 31. Rc7 Qd8 32. Rxb7 Qc8 33. a6
Rf7 34. Rc1 Qf8 35. Be3 Rc8 36. Rf1 Rc3 37. Rxf7 Qxf7 38. Qxc3 Ne2+ 39. Kh1
Nxc3 40. a7 Qe8 41. Rxd7 Qc8 42. Rc7 Qxc7 43. a8=Q+ Kg7 44. Qc6 1-0

[Event "Politiken Cup"]
[Site "Helsingor DEN"]
[Date "2009.07.21"]
[Round "5"]
[White "Fries Nielsen,JO"]
[Black "Struch,T"]
[Result "1-0"]
[WhiteElo "2439"]
[BlackElo "2154"]
[EventDate "2009.07.18"]

1. e4 e5 2. Nf3 Nc6 3. Nc3 Nf6 4. g3 Bc5 5. Bg2 d6 6. d3 Nd4 7. Nxd4 Bxd4
8. h3 c6 9. O-O Be6 10. Kh2 Nd7 11. f4 f6 12. Qe2 Bf7 13. Nd1 Qe7 14. Be3
Bxe3 15. Nxe3 g6 16. Qf2 O-O 17. Rad1 b6 18. h4 Rae8 19. Ng4 Be6 20. Ne3
Nc5 21. f5 Bc8 22. Bh3 Qf7 23. fxg6 hxg6 24. Bxc8 Rxc8 25. Qd2 Qe6 26. b4
Nd7 27. c4 Kg7 28. g4 Rh8 29. Kg3 Qe7 30. h5 Rcg8 31. hxg6 Kxg6 32. Nf5 Qh7
33. Rh1 Qxh1 34. Rxh1 Rxh1 35. Ne7+ Kf7 36. Nxg8 Kxg8 37. Qf2 Kf7 38. Kg2
Rd1 39. Qc2 Re1 40. Qa4 Ke7 41. Qxa7 Rd1 42. a4 Rxd3 43. a5 bxa5 44. bxa5
Ke8 45. a6 Nc5 46. Qb8+ 1-0

[Event "Politiken Cup"]
[Site "Helsingor DEN"]
[Date "2009.07.21"]
[Round "5"]
[White "Kaster,M"]
[Black "Antonsen,M"]
[Result "1/2-1/2"]
[WhiteElo "2154"]
[BlackElo "2438"]
[EventDate "2009.07.18"]

1. d4 Nf6 2. g3 g6 3. Bg2 d5 4. Nf3 Bg7 5. O-O O-O 6. Nbd2 c6 7. b3 a5 8.
c4 Bf5 9. Bb2 Ne4 10. Nh4 Nxd2 11. Qxd2 Be6 12. c5 Nd7 13. f4 f5 14. Nf3
Nf6 15. Ne5 Ne4 16. Qc2 Bf6 17. Bc1 Kg7 18. Be3 h5 19. Bxe4 fxe4 20. h4 Bh3
21. Rfb1 Bxe5 22. dxe5 Kh7 23. b4 axb4 24. Rxb4 Ra3 25. Rb3 Qa8 26. Qb2
1/2-1/2

[Event "Politiken Cup"]
[Site "Helsingor DEN"]
[Date "2009.07.21"]
[Round "5"]
[White "Rossen,C"]
[Black "Pedersen,Stef"]
[Result "0-1"]
[WhiteElo "2188"]
[BlackElo "2435"]
[EventDate "2009.07.18"]

1. d4 d5 2. Nf3 Nf6 3. c4 c6 4. Nbd2 Bf5 5. g3 h6 6. Bg2 e6 7. O-O Nbd7 8.
b3 Bd6 9. Bb2 Qb8 10. Rc1 O-O 11. Re1 Bh7 12. a3 a5 13. Nb1 Rd8 14. Nc3 b5
15. c5 Bc7 16. b4 a4 17. e3 Re8 18. Ne2 Ne4 19. Nf4 Re7 20. Nd3 f6 21. Bh3
Qe8 22. Qe2 Nf8 23. Rcd1 e5 24. Nh4 Ng5 25. Bg2 e4 26. Nf4 Qd7 27. Qf1 Kh8
28. Bc1 Nf7 29. Bh3 f5 30. Nh5 Ng5 31. f4 Nxh3+ 32. Qxh3 Rf7 33. g4 fxg4
34. Qf1 g5 35. Ng2 Bg6 36. Ng3 h5 37. Qe2 h4 38. f5 hxg3 39. fxg6 Rf2 0-1

[Event "Politiken Cup"]
[Site "Helsingor DEN"]
[Date "2009.07.21"]
[Round "5"]
[White "Wahlstrom,L"]
[Black "Berg,K"]
[Result "0-1"]
[WhiteElo "2179"]
[BlackElo "2432"]
[EventDate "2009.07.18"]

1. e4 c6 2. d4 d5 3. exd5 cxd5 4. c4 Nf6 5. Nc3 e6 6. Nf3 Bb4 7. cxd5 Nxd5
8. Bd2 Nc6 9. Bd3 Be7 10. O-O O-O 11. Qe2 Nf6 12. Be3 b6 13. a3 Bb7 14.
Rfd1 Rc8 15. Ne5 Qd6 16. Nb5 Qd5 17. Nxc6 Bxc6 18. f3 Qd7 19. Nc3 Nd5 20.
Nxd5 Qxd5 21. Ba6 Ba4 22. Rdc1 Rxc1+ 23. Rxc1 b5 24. Rc7 Bd6 25. Bb7 Bxh2+
26. Kh1 Qd8 27. Rc5 Bd6 28. Rh5 Qc7 29. Be4 g6 30. Rh3 Rc8 31. Qd2 Bb3 32.
Qf2 h5 33. f4 Bc2 34. Qf3 Bxe4 35. Qxe4 a6 36. Rf3 Qc6 37. Qxc6 Rxc6 38.
Bd2 Rc2 39. Bc3 h4 40. Kg1 Kf8 41. Kf1 Ke7 42. b4 Bxf4 0-1

[Event "Politiken Cup"]
[Site "Helsingor DEN"]
[Date "2009.07.21"]
[Round "5"]
[White "Aloma Vidal,R"]
[Black "Haubro,S"]
[Result "1-0"]
[WhiteElo "2418"]
[BlackElo "2144"]
[EventDate "2009.07.18"]

1. d4 d5 2. c4 e6 3. Nf3 f5 4. Nc3 Nf6 5. Bf4 c6 6. Qc2 Be7 7. e3 O-O 8.
Bd3 dxc4 9. Bxc4 Nd5 10. Bg3 Kh8 11. O-O Nd7 12. Rae1 Qe8 13. Ne5 Nxe5 14.
Bxe5 Qg6 15. e4 Nxc3 16. bxc3 f4 17. f3 Bd7 18. Bd3 c5 19. Qb2 b6 20. Bb5
Bxb5 21. Qxb5 Rad8 22. Qa4 Bf6 23. Bc7 Rc8 24. Bd6 Rfd8 25. e5 cxd4 26.
Qxd4 Bg5 27. Re4 Qe8 28. Qb4 b5 29. Rb1 a6 30. c4 Qc6 31. c5 Re8 32. a4
bxa4 33. Qxa4 Qd5 34. Rd4 Qa8 35. Rb6 a5 36. Qb5 Rcd8 37. c6 Qa7 38. Qa6
Qf7 39. c7 Ra8 40. Qxa8 Rxa8 41. Rb8+ Qg8 42. Rc4 1-0

[Event "Politiken Cup"]
[Site "Helsingor DEN"]
[Date "2009.07.21"]
[Round "5"]
[White "Lund,E"]
[Black "Tallaksen,L"]
[Result "1-0"]
[WhiteElo "2412"]
[BlackElo "2081"]
[EventDate "2009.07.18"]

1. d4 Nf6 2. c4 e6 3. Nc3 d5 4. cxd5 exd5 5. Bg5 Be7 6. e3 c6 7. Bd3 Be6 8.
Nge2 O-O 9. O-O Nbd7 10. f3 Re8 11. Qc2 Nf8 12. Rad1 h6 13. Bh4 Rc8 14. Kh1
Qa5 15. Qb1 b5 16. Nc1 Qc7 17. Bg3 Qb7 18. Nb3 N6d7 19. e4 dxe4 20. fxe4
Bxb3 21. axb3 a6 22. e5 Nb6 23. Bf5 Rcd8 24. Ne4 Nd5 25. Qc1 Bb4 26. Bh4
Ra8 27. Rd3 Ng6 28. e6 Nxh4 29. exf7+ Kh8 30. fxe8=Q+ Rxe8 31. Nc3 Nxf5 32.
Rxf5 Qd7 33. Rdf3 Ne3 34. Re5 Rxe5 35. dxe5 Nf5 36. Qd1 Qe6 37. Qd8+ Kh7
38. Qd3 g6 39. Qe4 Ba5 40. g4 Ne7 41. Qf4 Bxc3 42. bxc3 Qd7 43. Qf7+ Kh8
44. Qf6+ Kh7 45. Qd6 Qe8 46. Qe6 Kg7 47. Qf6+ Kg8 48. e6 Nd5 49. Qe5 Qd8
50. Rf7 Nf6 51. Qxf6 Qd1+ 52. Qf1 Qd5+ 53. Qf3 Qxe6 54. Rf8+ Kg7 55. Rd8
Qe7 56. Qd3 Qe5 57. Qd4 1-0

[Event "Politiken Cup"]
[Site "Helsingor DEN"]
[Date "2009.07.21"]
[Round "5"]
[White "Thorfinnsson,Br"]
[Black "Schmied,A"]
[Result "1-0"]
[WhiteElo "2377"]
[BlackElo "2068"]
[EventDate "2009.07.18"]

1. d4 f5 2. g3 Nf6 3. Bg2 g6 4. Nh3 d6 5. d5 c6 6. c4 e5 7. dxe6 Bxe6 8. b3
Bg7 9. Bb2 O-O 10. O-O Na6 11. Qc2 Qc7 12. Rd1 Kh8 13. Nc3 Bg8 14. Rd2 Nb4
15. Qd1 Rad8 16. Rc1 Rfe8 17. Nf4 Bf7 18. h4 Kg8 19. e3 Na6 20. Qc2 Nc5 21.
Rcd1 Nce4 22. Nxe4 Nxe4 23. Bxe4 Rxe4 24. Bxg7 Kxg7 25. Qb2+ Kg8 26. Qf6
Qe7 27. Qxe7 Rxe7 28. Rxd6 Rxd6 29. Rxd6 Kf8 30. Kg2 Ke8 31. Nd3 Re6 32.
Rd4 b6 33. Nf4 Rf6 34. Rd1 Ke7 35. e4 fxe4 36. Re1 Rd6 37. Rxe4+ Kd7 38.
Kf3 Rd2 39. Re2 Rxe2 40. Nxe2 a5 41. Kf4 h6 42. Ke5 a4 43. Kf6 axb3 44.
axb3 Be8 45. Nc3 1-0

[Event "Politiken Cup"]
[Site "Helsingor DEN"]
[Date "2009.07.21"]
[Round "5"]
[White "Rantanen,Y"]
[Black "Arvola,B"]
[Result "0-1"]
[WhiteElo "2376"]
[BlackElo "2144"]
[EventDate "2009.07.18"]

1. e4 c5 2. Nf3 d6 3. d4 cxd4 4. Nxd4 Nf6 5. Nc3 a6 6. Bg5 e6 7. Be2 Be7 8.
a4 b6 9. Bf3 Bb7 10. e5 Nd5 11. Nf5 Nxc3 12. Nxg7+ Kf8 13. Bh6 Nxd1 14.
Rxd1 Qc8 15. Rd4 Bxf3 16. gxf3 Nc6 0-1

[Event "Politiken Cup"]
[Site "Helsingor DEN"]
[Date "2009.07.21"]
[Round "5"]
[White "Bruehl,A"]
[Black "Harstad,C"]
[Result "1-0"]
[WhiteElo "2360"]
[BlackElo "2052"]
[EventDate "2009.07.18"]

1. d4 Nf6 2. c4 g6 3. Nc3 Bg7 4. Nf3 d6 5. g3 O-O 6. Bg2 Nbd7 7. O-O e5 8.
e4 Rb8 9. b3 exd4 10. Nxd4 Re8 11. Bb2 a6 12. Re1 c5 13. Nc2 b5 14. cxb5
axb5 15. Qxd6 Rb6 16. Qd2 c4 17. Nd5 Nxe4 18. Bxe4 Bxb2 19. Nxb6 Bxa1 20.
Nxc8 Qxc8 21. Nxa1 Nc5 22. Bg2 Nd3 23. Rxe8+ Qxe8 24. Nc2 Qe5 25. Bf1 1-0

[Event "Politiken Cup"]
[Site "Helsingor DEN"]
[Date "2009.07.21"]
[Round "5"]
[White "Munk,Po"]
[Black "Aabling Thomsen,J"]
[Result "0-1"]
[WhiteElo "1996"]
[BlackElo "2344"]
[EventDate "2009.07.18"]

1. d4 Nf6 2. Nf3 g6 3. g3 Bg7 4. Bg2 O-O 5. O-O d6 6. c4 Nbd7 7. Nc3 e5 8.
dxe5 dxe5 9. e4 Qe7 10. Qc2 c6 11. h3 Nh5 12. Nh4 Nc5 13. Be3 Ne6 14. Rad1
Nef4 15. Kh2 Nxg2 16. Nxg2 Nf6 17. Ne2 h5 18. Nh4 Re8 19. b3 Nh7 20. Qd2
Bf6 21. Ng2 Qe6 22. Ng1 Be7 23. Ne1 Rd8 24. Nd3 Nf6 25. f3 Nd7 26. Qf2 b6
27. Qb2 Bb7 28. Rfe1 Bf6 29. Qc1 Qe7 30. Qb2 Nf8 31. Ne2 Rd7 32. Nf2 Rad8
33. Rxd7 Rxd7 34. Rd1 Ne6 35. Rxd7 Qxd7 36. Qd2 Qe7 37. Nd1 Bc8 38. Nf2 Kg7
39. Bh6+ Kh7 40. Be3 Bd7 41. Nd3 Ng5 42. Nxe5 Bxh3 43. Bxg5 Bxg5 44. f4 Bc8
45. Qd3 Bf6 46. Nf3 Qe6 47. Neg1 Kg7 48. Kg2 Bb7 49. Kh2 c5 50. Nd2 h4 51.
gxh4 Bxh4 52. Qh3 Qd6 53. Qe3 Bd8 54. Ngf3 Qf6 55. a4 Bc6 56. Kg3 Bc7 57.
e5 Qf5 58. Nh4 Qc2 59. Nhf3 Qf5 60. Nh4 Qd7 61. Nhf3 Bb7 62. Ng5 Bc8 63.
Kf2 Bd8 64. Nde4 Qg4 65. Qg3 Qd1 66. Qh4 Qd4+ 67. Kf1 Qd3+ 68. Kf2 Qc2+ 69.
Ke1 Qxe4+ 0-1

[Event "Politiken Cup"]
[Site "Helsingor DEN"]
[Date "2009.07.21"]
[Round "5"]
[White "Larsen,Ka"]
[Black "Jorgensen,C"]
[Result "1-0"]
[WhiteElo "2337"]
[BlackElo "2013"]
[EventDate "2009.07.18"]

1. e4 c6 2. d4 d5 3. e5 Bf5 4. c4 e6 5. Nc3 Ne7 6. Nf3 dxc4 7. Bxc4 Nd5 8.
O-O Nd7 9. Qe2 N7b6 10. Bb3 Be7 11. Ne4 Qc7 12. Bd2 Nd7 13. Rac1 O-O-O 14.
Nc3 Nxc3 15. bxc3 Nb6 16. c4 c5 17. Ba5 Bg4 18. d5 Bg5 19. Rc3 Rhe8 20. d6
Qc6 21. Bc2 f6 22. Be4 Qa4 23. Bxb6 axb6 24. Qb2 Qb4 25. Rb3 Qxc4 26. Nxg5
fxg5 27. f3 Bf5 28. Rc1 1-0

[Event "Politiken Cup"]
[Site "Helsingor DEN"]
[Date "2009.07.21"]
[Round "5"]
[White "Andersen,Mad"]
[Black "Rhee,A"]
[Result "1-0"]
[WhiteElo "2336"]
[BlackElo "2116"]
[EventDate "2009.07.18"]

1. e4 c5 2. Nf3 e6 3. d4 cxd4 4. Nxd4 a6 5. Bd3 Bc5 6. Nb3 Be7 7. Qg4 g6 8.
Qe2 d6 9. O-O Nd7 10. Na3 Qc7 11. Nc4 b5 12. Nca5 Nc5 13. Bd2 Nf6 14. Nxc5
dxc5 15. c4 Nd7 16. e5 Nxe5 17. Bc3 Nxd3 18. Bxh8 Nb4 19. a3 Nc6 20. Nxc6
Qxc6 21. cxb5 axb5 22. Bc3 Bb7 23. f3 Qb6 24. Qe3 h5 25. Rfd1 Bd5 26. Rac1
h4 27. h3 Qd8 28. Be5 Rc8 29. Qe2 Qb6 30. Kh1 Bg5 31. Rc3 Qb7 32. Qf2 Be7
33. Rcd3 Bg5 34. Rc3 Be7 35. Qe3 b4 36. axb4 cxb4 37. Rxc8+ Qxc8 38. Rc1
Qa6 39. Qh6 Bc6 40. Qh8+ Kd7 41. Qb8 f6 42. Qc7+ Ke8 43. Rxc6 Qf1+ 44. Kh2
Kf7 45. Bd6 1-0